[Event "Saint Affrique op 20th"]
[Site "Saint Affrique"]
[Date "2012.07.25"]
[Round "6"]
[White "Noireaut, Hung"]
[Black "Melchy, Julien"]
[Result "0-1"]
[WhiteElo "1895"]
[BlackElo "1564"]
[PlyCount "84"]
[EventDate "2012.07.21"]
[EventType "swiss"]
[EventRounds "9"]
[EventCountry "FRA"]
[SourceTitle "CBM 149 Extra"]
[Source "ChessBase"]
[SourceDate "2012.08.24"]
[SourceVersion "1"]
[SourceVersionDate "2012.08.24"]
[SourceQuality "1"]

1. e4 c5 2. Nc3 e6 3. g3 d5 4. d3 Nc6 5. Bg2 Nf6 6. exd5 exd5 7. Bg5 d4 8. Qe2+ Be6 9. Ne4 Be7 10. Bxf6 Bxf6 11. Nxc5 Qa5+ 12. Qd2 Qxc5 13. Ne2 Bd5 14. 0-0 Bxg2 15. Kxg2 Qd5+ 16. f3 0-0 17. c4 dxc3 18. bxc3 Bg5 19. Qc2 Ne5 20. h4 Bf6 21. Nf4 Qc6 22. d4 Nc4 23. Rfe1 Rfe8 24. Qd3 b5 25. Re4 Nd6 26. Ree1 Rac8 27. Rxe8+ Rxe8 28. Nh5 Nc4 29. a4 a6 30. axb5 axb5 31. d5 Qd6 32. Rb1 Qxd5 33. Nxf6+ gxf6 34. Qd4 Qxd4 35. cxd4 Re2+ 36. Kh3 Rb2 37. Re1 Kf8 38. Kg4 Nd6 39. Kh5 Kg7 40. Rd1 b4 41. g4 b3 42. g5 f5 0-1